<?xml version="1.0" encoding="UTF-8"?>
<collection xmlns:xsi="http://www.w3.org/2001/XMLSchema-instance" xsi:schemaLocation="http://www.loc.gov/MARC21/slim http://www.loc.gov/standards/marcxml/schema/MARC21slim.xsd" xmlns="http://www.loc.gov/MARC21/slim">
 <record>
  <leader>00000cab a22000004cb4500</leader>
  <controlfield tag="001">IPP-00000660478</controlfield>
  <controlfield tag="003">IPP</controlfield>
  <controlfield tag="005">20241030124507.0</controlfield>
  <controlfield tag="008">241030s2021    xx     d | ||r |||||eng||</controlfield>
  <datafield tag="041" ind1="#" ind2="#">
   <subfield code="a">eng</subfield>
  </datafield>
  <datafield tag="100" ind1="1" ind2="#">
   <subfield code="a">Anduaga, Aitor</subfield>
  </datafield>
  <datafield tag="245" ind1="1" ind2="0">
   <subfield code="a">Circulating Ideas in an Intraimperial Network</subfield>
   <subfield code="b">From Mercantilism to Liberalism through Basque Enlightenment Thought in the Philippines</subfield>
   <subfield code="c">Circulating Ideas in an Intraimperial Network</subfield>
  </datafield>
  <datafield tag="264" ind1="#" ind2="1">
   <subfield code="c">2021</subfield>
  </datafield>
  <datafield tag="520" ind1="#" ind2="#">
   <subfield code="a">The transition from mercantilism to economic liberalism through the Enlightenment thread offers a rare opportunity to analyze the networked circulation of ideas in the Spanish Empire. Thisarticle focuses on the circulation of knowledge by analyzing the influence of Basque Enlightenment thought in the Philippines through the lens of intraimperial networks and hybrid communities. This influence first came through the Royal Basque Society of Friends of the Country, which partly inspired the program of the Manila Economic Society, and then through the Royal Company of the Philippines, from which several Basque trading companies and a spring of free-trade proposals emerged. The Basque maritime trading diaspora favored the circulation of reformist economic ideas in the Philippines from the 1770s to the 1820s.</subfield>
  </datafield>
  <datafield tag="650" ind1="1" ind2="0">
   <subfield code="a">Mercantile system</subfield>
  </datafield>
  <datafield tag="650" ind1="2" ind2="0">
   <subfield code="a">Enlightenment -- Philippines</subfield>
  </datafield>
  <datafield tag="650" ind1="2" ind2="0">
   <subfield code="a">Economic development</subfield>
  </datafield>
  <datafield tag="650" ind1="2" ind2="0">
   <subfield code="a">Basques</subfield>
  </datafield>
  <datafield tag="650" ind1="2" ind2="0">
   <subfield code="a">Liberalism</subfield>
  </datafield>
  <datafield tag="650" ind1="2" ind2="0">
   <subfield code="a">Asia</subfield>
  </datafield>
  <datafield tag="773" ind1="0" ind2="#">
   <subfield code="t">Philippine Studies: Historical and Ethnographic Viewpoints</subfield>
   <subfield code="g">Vol. 69, no. 4 (Dec. 2021), 561-590</subfield>
  </datafield>
  <datafield tag="942" ind1="#" ind2="#">
   <subfield code="a">Article</subfield>
  </datafield>
  <datafield tag="950" ind1="#" ind2="#">
   <subfield code="a">FI</subfield>
  </datafield>
 </record>
</collection>
